| 000 | 00780nam a2200241Ia 4500 | ||
|---|---|---|---|
| 003 | GCL | ||
| 005 | 20240530102934.0 | ||
| 008 | 140319s9999 xx 000 0 ara d | ||
| 040 |
_aGCL / _cGCL |
||
| 082 | 0 | 4 |
_a913.02 _bم م |
| 100 | 0 | _aمهدى امين التوم | |
| 245 | 1 | 0 |
_aمبادئ الجغرافيا المناخية / _cمهدى امين التوم |
| 260 |
_aالخرطوم : _bدار جامعة الخرطوم للنشر ، _c1986 |
||
| 300 |
_a133 ص. ؛ _c24 سم. |
||
| 650 | 0 | 4 | _aالمناخ |
| 650 | 0 | 4 | _aالرياح |
| 650 | 0 | 4 | _aالارصاد الجوية |
| 650 | 0 | 4 | _aالضغط الجوى |
| 650 | 0 | 4 | _aالمناطق المناخية |
| 650 | 0 | 4 | _aعلم - المناخ |
| 650 | 0 | 4 | _aالجغرافيا المناخية |
| 942 |
_2ddc _cBK |
||
| 999 |
_c35509 _d35509 |
||